Score 0/24 Timer 03:00
0 Plays Today
% Correct
Starbucks
92.3%
Facebook
92.2%
Twitter
92.1%
Nike
90.6%
Monster
90.3%
Taco Bell
89.8%
Target
89.8%
Sporcle
89.3%
Microsoft
88.6%
Gatorade
87.1%
Pepsi
86.6%
Fila
86.5%
% Correct
Playboy
86.1%
Adidas
85.1%
Spotify
84.3%
Walmart
83.7%
Tesla
82.3%
Snapchat
82.1%
Apple
82%
Gucci
81%
Chrome
79.1%
AT&T
73.5%
DoorDash
64.9%
Uber
63.2%
Come Together.
Have Fun.
All Virtual.
We all need to come together. Play Sporcle's virtual live trivia to have fun, connect with people, and get your trivia on. Join a live hosted trivia game for your favorite pub trivia experience done virtually. If a virtual private party is more your thing, go here for details.

You're not logged in!

Compare scores with friends on all Sporcle quizzes.
OR
Log In

Sporcle TV

Today on Sporcle TV


Watch our educational content, quiz creation guides, and fun videos on Sporcle TV.

Show Comments

Extras

Top Quizzes Today


Score Distribution

Paid Content

Your Account Isn't Verified!

In order to create a playlist on Sporcle, you need to verify the email address you used during registration. Go to your Sporcle Settings to finish the process.

Report this User

Report this user for behavior that violates our Community Guidelines.

Details: